[Event "DEM U12 2023"]
[Site "Willingen GER"]
[Date "2023.05.30"]
[Round "4"]
[White "Lee, Ho In"]
[Black "Nemitz, Alfred"]
[Result "0-1"]
[Termination "normal"]
[Board "7"]
[WhiteElo "1492"]
[BlackElo "2079"]
[WhiteClock "00:23:32"]
[BlackClock "00:34:18"]
[PlyCount "54"]
[WhiteFideId "34623655"]
[BlackFideId "34601791"]
[EventCountry "GER"]
[EventRounds "9"]
[EventType "swiss"]
[EventDate "2023.05.27"]

1. c4 {[%clk 01:30:57]} {[%emt 00:00:02]} Nf6 {[%clk 01:30:38]} {[%emt
00:00:23]} 2. b3 {[%clk 01:31:06]} {[%emt 00:00:21]} e6 {[%clk 01:30:56]}
{[%emt 00:00:11]} 3. Nf3 {[%clk 01:31:24]} {[%emt 00:00:12]} c5 {[%clk
01:31:09]} {[%emt 00:00:18]} 4. Bb2 {[%clk 01:31:40]} {[%emt 00:00:14]} Nc6
{[%clk 01:31:32]} {[%emt 00:00:06]} 5. g3 {[%clk 01:31:50]} {[%emt 00:00:20]}
Be7 {[%clk 01:31:51]} {[%emt 00:00:11]} 6. Bg2 {[%clk 01:32:13]} {[%emt
00:00:06]} O-O {[%clk 01:31:51]} {[%emt 00:00:31]} 7. e3 {[%clk 01:32:31]}
{[%emt 00:00:12]} d5 {[%clk 01:23:17]} {[%emt 00:09:04]} 8. cxd5 {[%clk
01:30:08]} {[%emt 00:02:54]} exd5 {[%clk 01:23:30]} {[%emt 00:00:17]} 9. d4
{[%clk 01:30:30]} {[%emt 00:00:08]} Bf5 {[%clk 01:19:07]} {[%emt 00:04:52]} 10.
O-O {[%clk 01:24:20]} {[%emt 00:06:41]} Rc8 {[%clk 01:11:14]} {[%emt 00:08:22]}
11. Na3 {[%clk 01:12:18]} {[%emt 00:12:33]} Qa5 {[%clk 01:09:59]} {[%emt
00:01:45]} 12. Qe1 {[%clk 01:00:05]} {[%emt 00:12:42]} Qa6 {[%clk 00:51:48]}
{[%emt 00:18:42]} 13. dxc5 {[%clk 00:37:57]} {[%emt 00:22:38]} Bd3 {[%clk
00:49:46]} {[%emt 00:02:30]} 14. Rc1 {[%clk 00:36:48]} {[%emt 00:01:40]} Bxf1
{[%clk 00:49:06]} {[%emt 00:01:10]} 15. Bxf1 {[%clk 00:37:12]} {[%emt
00:00:06]} Qa5 {[%clk 00:49:27]} {[%emt 00:00:09]} 16. Qxa5 {[%emt 00:01:29]}
Nxa5 {[%clk 00:49:56]} {[%emt 00:00:01]} 17. b4 {[%clk 00:36:31]} {[%emt
00:00:13]} Nc6 {[%clk 00:50:11]} {[%emt 00:00:14]} 18. Bh3 {[%clk 00:33:45]}
{[%emt 00:03:16]} Rcd8 {[%clk 00:47:07]} {[%emt 00:03:33]} 19. Nc2 {[%clk
00:32:29]} {[%emt 00:01:46]} Ne4 {[%clk 00:43:30]} {[%emt 00:04:03]} 20. a3
{[%clk 00:31:22]} {[%emt 00:01:43]} a5 {[%clk 00:36:39]} {[%emt 00:07:20]} 21.
Rd1 {[%clk 00:25:29]} {[%emt 00:06:22]} axb4 {[%clk 00:35:51]} {[%emt
00:01:19]} 22. axb4 {[%clk 00:25:53]} {[%emt 00:00:06]} Ra8 {[%clk 00:34:03]}
{[%emt 00:02:18]} 23. Nfd4 {[%clk 00:23:45]} {[%emt 00:02:38]} Ra2 {[%clk
00:33:05]} {[%emt 00:01:29]} 24. Ba1 {[%clk 00:22:51]} {[%emt 00:01:24]} Nxd4
{[%clk 00:33:14]} {[%emt 00:00:20]} 25. Nxd4 {[%clk 00:23:13]} {[%emt
00:00:08]} Nxf2 {[%clk 00:33:36]} {[%emt 00:00:08]} 26. Nf5 {[%clk 00:23:08]}
{[%emt 00:00:35]} Nxh3+ {[%clk 00:33:55]} {[%emt 00:00:11]} 27. Kf1 {[%clk
00:23:32]} {[%emt 00:00:06]} Rf2+ {[%clk 00:34:18]} {[%emt 00:00:07]} 0-1

[Event "DEM U12 2023"]
[Site "Willingen GER"]
[Date "2023.05.30"]
[Round "4"]
[White "Krüger, Moritz"]
[Black "Herrmann, Arthur"]
[Result "0-1"]
[Termination "normal"]
[Board "8"]
[WhiteElo "1582"]
[BlackElo "1875"]
[WhiteClock "01:30:42"]
[BlackClock "00:36:52"]
[PlyCount "40"]
[WhiteFideId "34608923"]
[BlackFideId "16287150"]
[EventCountry "GER"]
[EventRounds "9"]
[EventType "swiss"]
[EventDate "2023.05.27"]

1. d4 {[%clk 01:30:58]} {[%emt 00:00:01]} d5 {[%clk 01:30:57]} {[%emt
00:00:04]} 2. c4 {[%clk 01:31:22]} {[%emt 00:00:06]} dxc4 {[%clk 01:31:23]}
{[%emt 00:00:03]} 3. e3 {[%clk 01:31:46]} {[%emt 00:00:06]} e5 {[%clk
01:31:49]} {[%emt 00:00:04]} 4. Nf3 {[%clk 01:31:58]} {[%emt 00:00:18]} exd4
{[%clk 01:28:06]} {[%emt 00:04:14]} 5. Bxc4 {[%clk 01:31:47]} {[%emt 00:00:40]}
Nf6 {[%clk 01:23:37]} {[%emt 00:04:58]} 6. Nxd4 {[%clk 01:32:06]} {[%emt
00:00:12]} Be7 {[%clk 01:21:08]} {[%emt 00:03:00]} 7. O-O {[%clk 01:32:26]}
{[%emt 00:00:09]} O-O {[%clk 01:20:59]} {[%emt 00:00:39]} 8. Nc3 {[%clk
01:32:51]} {[%emt 00:00:05]} a6 {[%clk 01:17:13]} {[%emt 00:04:16]} 9. a3
{[%clk 01:33:12]} {[%emt 00:00:10]} c5 {[%clk 01:15:34]} {[%emt 00:02:08]} 10.
Nf3 {[%clk 01:33:03]} {[%emt 00:00:38]} b5 {[%clk 01:15:25]} {[%emt 00:00:40]}
11. Be2 {[%clk 01:33:21]} {[%emt 00:00:11]} Bb7 {[%clk 01:12:51]} {[%emt
00:03:05]} 12. b3 {[%clk 01:32:17]} {[%emt 00:01:35]} Qc7 {[%clk 01:09:52]}
{[%emt 00:03:28]} 13. Bb2 {[%clk 01:32:18]} {[%emt 00:00:29]} Nbd7 {[%clk
01:08:05]} {[%emt 00:02:17]} 14. Rc1 {[%clk 01:32:28]} {[%emt 00:00:19]} Rfd8
{[%clk 00:59:40]} {[%emt 00:08:56]} 15. Qc2 {[%clk 01:31:47]} {[%emt 00:01:11]}
Ng4 {[%clk 00:52:30]} {[%emt 00:07:41]} 16. h3 {[%clk 01:31:43]} {[%emt
00:00:33]} Nge5 {[%clk 00:50:49]} {[%emt 00:02:11]} 17. Nxe5 {[%clk 01:31:39]}
{[%emt 00:00:35]} Nxe5 {[%clk 00:51:12]} {[%emt 00:00:06]} 18. Rfd1 {[%clk
01:31:44]} {[%emt 00:00:24]} Qc6 {[%clk 00:43:54]} {[%emt 00:07:49]} 19. Ne4
{[%clk 01:30:21]} {[%emt 00:01:52]} Qxe4 {[%clk 00:36:52]} {[%emt 00:07:33]}
20. Bxe5 {[%clk 01:30:42]} {[%emt 00:00:09]} Qxg2# {[%emt 00:00:22]} 0-1

[Event "DEM U12 2023"]
[Site "Willingen GER"]
[Date "2023.05.30"]
[Round "4"]
[White "Albrecht, Neil"]
[Black "Mukazhanov, Mansur"]
[Result "1/2-1/2"]
[Termination "normal"]
[Board "9"]
[WhiteElo "1690"]
[BlackElo "1563"]
[WhiteClock "00:22:37"]
[BlackClock "00:48:36"]
[PlyCount "61"]
[WhiteFideId "34621091"]
[BlackFideId "13752324"]
[EventCountry "GER"]
[EventRounds "9"]
[EventType "swiss"]
[EventDate "2023.05.27"]

1. e4 {[%clk 01:30:52]} {[%emt 00:00:07]} e6 {[%clk 01:30:54]} {[%emt
00:00:06]} 2. d4 {[%clk 01:31:07]} {[%emt 00:00:14]} d5 {[%clk 01:31:17]}
{[%emt 00:00:08]} 3. Nc3 {[%clk 01:31:19]} {[%emt 00:00:19]} Bb4 {[%clk
01:31:11]} {[%emt 00:00:36]} 4. e5 {[%clk 01:31:35]} {[%emt 00:00:14]} c5
{[%clk 01:31:33]} {[%emt 00:00:07]} 5. a3 {[%clk 01:31:50]} {[%emt 00:00:16]}
Bxc3+ {[%clk 01:31:19]} {[%emt 00:00:43]} 6. bxc3 {[%clk 01:32:16]} {[%emt
00:00:03]} Qc7 {[%clk 01:28:58]} {[%emt 00:02:52]} 7. Nf3 {[%clk 01:25:43]}
{[%emt 00:07:03]} Nc6 {[%clk 01:22:56]} {[%emt 00:06:32]} 8. Be2 {[%clk
01:24:32]} {[%emt 00:01:37]} Nge7 {[%clk 01:21:36]} {[%emt 00:01:54]} 9. h4
{[%clk 01:22:54]} {[%emt 00:02:08]} Bd7 {[%clk 01:20:52]} {[%emt 00:01:14]} 10.
h5 {[%clk 01:22:39]} {[%emt 00:00:44]} h6 {[%clk 01:21:05]} {[%emt 00:00:18]}
11. Kf1 {[%clk 01:21:32]} {[%emt 00:01:36]} O-O {[%clk 01:17:46]} {[%emt
00:03:50]} 12. g3 {[%clk 01:11:18]} {[%emt 00:10:44]} f5 {[%clk 01:11:34]}
{[%emt 00:06:42]} 13. Bf4 {[%clk 00:54:54]} {[%emt 00:16:54]} Rac8 {[%clk
01:06:03]} {[%emt 00:06:01]} 14. Qd2 {[%clk 00:52:06]} {[%emt 00:03:18]} Kh7
{[%clk 01:05:15]} {[%emt 00:01:18]} 15. Bd3 {[%clk 00:50:54]} {[%emt 00:01:39]}
Ng8 {[%clk 01:04:04]} {[%emt 00:01:44]} 16. Kg2 {[%clk 00:47:46]} {[%emt
00:03:37]} Nd8 {[%clk 01:03:29]} {[%emt 00:01:06]} 17. Nh4 {[%clk 00:45:34]}
{[%emt 00:02:41]} Be8 {[%clk 01:02:37]} {[%emt 00:01:23]} 18. Nf3 {[%clk
00:39:09]} {[%emt 00:06:55]} a6 {[%clk 01:02:39]} {[%emt 00:00:29]} 19. Nh4
{[%clk 00:34:54]} {[%emt 00:04:44]} cxd4 {[%clk 01:02:51]} {[%emt 00:00:18]}
20. cxd4 {[%clk 00:35:12]} {[%emt 00:00:12]} Qc3 {[%clk 01:03:12]} {[%emt
00:00:09]} 21. Qxc3 {[%clk 00:34:46]} {[%emt 00:00:56]} Rxc3 {[%clk 01:03:31]}
{[%emt 00:00:11]} 22. Bd2 {[%clk 00:33:31]} {[%emt 00:01:46]} Rc8 {[%clk
01:03:43]} {[%emt 00:00:17]} 23. g4 {[%clk 00:32:20]} {[%emt 00:01:40]} Bb5
{[%clk 00:54:03]} {[%emt 00:10:10]} 24. gxf5 {[%clk 00:27:57]} {[%emt
00:04:54]} Bxd3 {[%clk 00:54:05]} {[%emt 00:00:29]} 25. cxd3 {[%clk 00:28:15]}
{[%emt 00:00:12]} exf5 {[%clk 00:54:25]} {[%emt 00:00:09]} 26. Ng6 {[%clk
00:27:32]} {[%emt 00:01:13]} Re8 {[%clk 00:54:21]} {[%emt 00:00:34]} 27. Rhc1
{[%clk 00:24:37]} {[%emt 00:03:24]} Ne6 {[%clk 00:52:11]} {[%emt 00:02:41]} 28.
Be3 {[%clk 00:23:44]} {[%emt 00:01:23]} Rxc1 {[%clk 00:47:51]} {[%emt
00:04:50]} 29. Rxc1 {[%clk 00:24:05]} {[%emt 00:00:09]} Ne7 {[%clk 00:48:14]}
{[%emt 00:00:07]} 30. Nxe7 {[%clk 00:23:21]} {[%emt 00:01:14]} Rxe7 {[%clk
00:48:36]} {[%emt 00:00:08]} 31. f4 {[%clk 00:22:37]} {[%emt 00:01:14]} 1/2-1/2

[Event "DEM U12 2023"]
[Site "Willingen GER"]
[Date "2023.05.30"]
[Round "4"]
[White "Kateryniuk, Ivan"]
[Black "Derr, Oleg"]
[Result "0-1"]
[Termination "normal"]
[Board "10"]
[WhiteElo "1631"]
[BlackElo "1579"]
[WhiteClock "00:28:57"]
[BlackClock "00:34:40"]
[PlyCount "106"]
[WhiteFideId "34138943"]
[BlackFideId "34611517"]
[EventCountry "GER"]
[EventRounds "9"]
[EventType "swiss"]
[EventDate "2023.05.27"]

1. e4 {[%clk 01:30:52]} {[%emt 00:00:06]} c5 {[%clk 01:30:50]} {[%emt
00:00:12]} 2. c3 {[%clk 01:31:16]} {[%emt 00:00:06]} d5 {[%clk 01:31:06]}
{[%emt 00:00:13]} 3. exd5 {[%clk 01:31:33]} {[%emt 00:00:14]} Qxd5 {[%clk
01:31:21]} {[%emt 00:00:15]} 4. d4 {[%clk 01:31:30]} {[%emt 00:00:32]} Nc6
{[%clk 01:31:27]} {[%emt 00:00:25]} 5. Nf3 {[%clk 01:31:50]} {[%emt 00:00:09]}
Bf5 {[%clk 01:31:24]} {[%emt 00:00:33]} 6. Be2 {[%clk 01:29:29]} {[%emt
00:02:50]} cxd4 {[%clk 01:28:23]} {[%emt 00:03:32]} 7. cxd4 {[%clk 01:29:57]}
{[%emt 00:00:03]} Bxb1 {[%clk 01:28:43]} {[%emt 00:00:10]} 8. Rxb1 {[%clk
01:30:15]} {[%emt 00:00:12]} e6 {[%clk 01:28:22]} {[%emt 00:00:51]} 9. O-O
{[%clk 01:30:11]} {[%emt 00:00:33]} Nf6 {[%clk 01:28:08]} {[%emt 00:00:44]} 10.
Bf4 {[%clk 01:29:06]} {[%emt 00:01:35]} Bd6 {[%clk 01:27:52]} {[%emt 00:00:46]}
11. Be5 {[%clk 01:01:12]} {[%emt 00:28:24]} Bxe5 {[%clk 01:23:11]} {[%emt
00:05:11]} 12. dxe5 {[%clk 01:00:36]} {[%emt 00:01:06]} Qxd1 {[%clk 01:23:22]}
{[%emt 00:00:19]} 13. Rfxd1 {[%clk 01:00:41]} {[%emt 00:00:26]} Nd5 {[%clk
01:23:23]} {[%emt 00:00:29]} 14. Bb5 {[%clk 00:58:17]} {[%emt 00:02:54]} Ke7
{[%clk 01:12:13]} {[%emt 00:11:39]} 15. Bxc6 {[%clk 00:58:13]} {[%emt
00:00:34]} bxc6 {[%clk 01:12:33]} {[%emt 00:00:11]} 16. Rbc1 {[%clk 00:58:05]}
{[%emt 00:00:37]} Rab8 {[%clk 01:10:29]} {[%emt 00:02:34]} 17. b3 {[%clk
00:58:11]} {[%emt 00:00:24]} Rhc8 {[%clk 01:09:08]} {[%emt 00:01:51]} 18. Rc2
{[%clk 00:53:46]} {[%emt 00:04:56]} a5 {[%clk 01:01:01]} {[%emt 00:08:36]} 19.
g3 {[%clk 00:48:13]} {[%emt 00:06:03]} Rb4 {[%clk 00:47:52]} {[%emt 00:13:40]}
20. Rc5 {[%clk 00:41:28]} {[%emt 00:07:14]} a4 {[%clk 00:42:09]} {[%emt
00:06:13]} 21. Nd4 {[%clk 00:38:21]} {[%emt 00:03:38]} axb3 {[%clk 00:39:45]}
{[%emt 00:02:54]} 22. axb3 {[%clk 00:30:42]} {[%emt 00:08:09]} Kd7 {[%clk
00:37:53]} {[%emt 00:02:21]} 23. f4 {[%clk 00:25:59]} {[%emt 00:05:13]} Rc7
{[%clk 00:23:19]} {[%emt 00:15:05]} 24. Kf2 {[%clk 00:23:53]} {[%emt 00:02:35]}
Ra7 {[%clk 00:22:03]} {[%emt 00:01:47]} 25. Rd2 {[%clk 00:22:10]} {[%emt
00:02:11]} Ra6 {[%clk 00:20:49]} {[%emt 00:01:44]} 26. Ke2 {[%clk 00:16:51]}
{[%emt 00:05:49]} Kc7 {[%clk 00:17:45]} {[%emt 00:03:35]} 27. Kd3 {[%clk
00:15:45]} {[%emt 00:01:33]} Rb8 {[%clk 00:16:00]} {[%emt 00:02:19]} 28. Rd1
{[%clk 00:11:06]} {[%emt 00:05:09]} Ra2 {[%clk 00:14:32]} {[%emt 00:01:58]} 29.
Rxc6+ {[%clk 00:10:20]} {[%emt 00:01:14]} Kd7 {[%clk 00:12:54]} {[%emt
00:02:09]} 30. Rd6+ {[%clk 00:09:31]} {[%emt 00:01:19]} Ke8 {[%clk 00:12:48]}
{[%emt 00:00:37]} 31. Rd2 {[%clk 00:08:39]} {[%emt 00:01:21]} Nb4+ {[%clk
00:12:04]} {[%emt 00:01:14]} 32. Ke2 {[%clk 00:08:19]} {[%emt 00:00:49]} Rba8
{[%clk 00:09:08]} {[%emt 00:03:28]} 33. Nb5 {[%clk 00:07:37]} {[%emt 00:01:11]}
Rxd2+ {[%clk 00:08:57]} {[%emt 00:00:41]} 34. Kxd2 {[%clk 00:08:03]} {[%emt
00:00:03]} Ra2+ {[%clk 00:09:16]} {[%emt 00:00:12]} 35. Kc3 {[%clk 00:07:26]}
{[%emt 00:01:07]} Nd5+ {[%clk 00:09:39]} {[%emt 00:00:08]} 36. Kd4 {[%clk
00:07:32]} {[%emt 00:00:19]} Rxh2 {[%clk 00:09:17]} {[%emt 00:00:56]} 37. f5
{[%clk 00:06:38]} {[%emt 00:01:24]} Rd2+ {[%clk 00:09:24]} {[%emt 00:00:23]}
38. Kc5 {[%clk 00:06:37]} {[%emt 00:00:26]} Rc2+ {[%clk 00:09:38]} {[%emt
00:00:21]} 39. Kd4 {[%clk 00:07:00]} {[%emt 00:00:06]} Rd2+ {[%clk 00:09:56]}
{[%emt 00:00:13]} 40. Ke4 {[%clk 00:06:15]} {[%emt 00:01:13]} Re2+ {[%clk
00:09:57]} {[%emt 00:00:31]} 41. Kd4 {[%clk 00:04:57]} {[%emt 00:01:46]} Rd2+
{[%clk 00:09:17]} {[%emt 00:01:12]} 42. Kc4 {[%clk 00:05:02]} {[%emt 00:00:25]}
Ne3+ {[%clk 00:07:45]} {[%emt 00:02:02]} 43. Kc5 {[%clk 00:05:22]} {[%emt
00:00:10]} Rc2+ {[%clk 00:06:53]} {[%emt 00:01:22]} 44. Kb6 {[%clk 00:05:03]}
{[%emt 00:00:49]} Nxf5 {[%clk 00:06:44]} {[%emt 00:00:40]} 45. Nc7+ {[%clk
00:04:34]} {[%emt 00:00:58]} Ke7 {[%clk 00:06:43]} {[%emt 00:00:31]} 46. Rd3
{[%clk 00:03:56]} {[%emt 00:01:08]} f6 {[%clk 00:05:12]} {[%emt 00:02:01]} 47.
g4 {[%clk 00:04:02]} {[%emt 00:00:24]} Nh6 {[%clk 00:05:14]} {[%emt 00:00:28]}
48. Rd6 {[%clk 00:01:04]} {[%emt 00:03:28]} fxe5 {[%clk 00:04:53]} {[%emt
00:00:50]} 49. Rxe6+ {[%clk 00:01:27]} {[%emt 00:00:07]} Kd7 {[%clk 00:05:12]}
{[%emt 00:00:12]} 50. g5 {[%clk 00:29:42]} {[%emt 00:02:14]} Ng4 {[%clk
00:34:40]} {[%emt 00:01:04]} 51. b4 {[%clk 00:28:01]} {[%emt 00:02:10]} Rxc7
{[%clk 00:34:49]} {[%emt 00:00:22]} 52. Re7+ {[%clk 00:28:29]} {[%emt
00:00:02]} Kxe7 {[%clk 00:35:00]} {[%emt 00:00:19]} 53. Kxc7 {[%clk 00:28:57]}
{[%emt 00:00:02]} e4 {[%clk 00:34:40]} {[%emt 00:00:50]} 0-1

[Event "DEM U12 2023"]
[Site "Willingen GER"]
[Date "2023.05.30"]
[Round "4"]
[White "Zimmer, Tim"]
[Black "Vranckx, Oscar"]
[Result "1-0"]
[Termination "normal"]
[Board "11"]
[WhiteElo "1258"]
[BlackElo "1733"]
[WhiteClock "00:05:17"]
[BlackClock "01:23:54"]
[PlyCount "119"]
[WhiteFideId "34603115"]
[BlackFideId "34608788"]
[EventCountry "GER"]
[EventRounds "9"]
[EventType "swiss"]
[EventDate "2023.05.27"]

1. e4 {[%clk 01:30:58]} {[%emt 00:00:02]} c5 {[%clk 01:30:48]} {[%emt
00:00:11]} 2. Nc3 {[%clk 01:31:14]} {[%emt 00:00:14]} a6 {[%clk 01:30:58]}
{[%emt 00:00:21]} 3. f4 {[%clk 01:31:05]} {[%emt 00:00:38]} b5 {[%clk
01:31:09]} {[%emt 00:00:18]} 4. Nf3 {[%clk 01:30:57]} {[%emt 00:00:39]} Bb7
{[%clk 01:30:49]} {[%emt 00:00:50]} 5. d3 {[%clk 01:28:05]} {[%emt 00:03:22]}
e6 {[%clk 01:29:56]} {[%emt 00:01:24]} 6. Be2 {[%clk 01:24:20]} {[%emt
00:04:15]} d5 {[%clk 01:29:26]} {[%emt 00:01:01]} 7. e5 {[%clk 01:23:11]}
{[%emt 00:01:38]} Be7 {[%clk 01:28:30]} {[%emt 00:01:25]} 8. O-O {[%clk
01:22:05]} {[%emt 00:01:36]} h5 {[%clk 01:28:42]} {[%emt 00:00:19]} 9. Ng5
{[%clk 01:04:40]} {[%emt 00:17:54]} g6 {[%clk 01:28:53]} {[%emt 00:00:20]} 10.
h4 {[%clk 01:04:26]} {[%emt 00:00:44]} Nc6 {[%emt 00:01:58]} 11. Bf3 {[%clk
00:55:54]} {[%emt 00:09:00]} Nd4 {[%clk 01:26:49]} {[%emt 00:01:08]} 12. Bd2
{[%clk 00:53:03]} {[%emt 00:03:20]} Nf5 {[%clk 01:26:24]} {[%emt 00:00:56]} 13.
Qe1 {[%clk 00:49:08]} {[%emt 00:04:23]} Bxg5 {[%clk 01:24:38]} {[%emt
00:02:18]} 14. fxg5 {[%clk 00:46:47]} {[%emt 00:02:50]} Nge7 {[%clk 01:24:43]}
{[%emt 00:00:26]} 15. Qf2 {[%clk 00:45:15]} {[%emt 00:02:00]} Qc7 {[%clk
01:24:42]} {[%emt 00:00:32]} 16. Rae1 {[%clk 00:44:51]} {[%emt 00:00:53]} b4
{[%clk 01:24:13]} {[%emt 00:01:00]} 17. Na4 {[%clk 00:44:19]} {[%emt 00:00:55]}
Rc8 {[%clk 01:24:33]} {[%emt 00:00:17]} 18. c3 {[%clk 00:40:18]} {[%emt
00:04:31]} a5 {[%clk 01:24:26]} {[%emt 00:00:38]} 19. cxb4 {[%clk 00:39:03]}
{[%emt 00:01:45]} axb4 {[%clk 01:23:47]} {[%emt 00:01:09]} 20. Rc1 {[%clk
00:34:30]} {[%emt 00:05:02]} Qxe5 {[%clk 01:22:55]} {[%emt 00:01:22]} 21. Nxc5
{[%clk 00:34:26]} {[%emt 00:00:34]} Ba8 {[%clk 01:22:31]} {[%emt 00:00:54]} 22.
Bxb4 {[%clk 00:33:11]} {[%emt 00:01:46]} Qf4 {[%clk 01:22:48]} {[%emt
00:00:12]} 23. Bc3 {[%clk 00:26:39]} {[%emt 00:07:03]} O-O {[%clk 01:22:39]}
{[%emt 00:00:38]} 24. Nd7 {[%clk 00:25:37]} {[%emt 00:01:32]} d4 {[%clk
01:21:25]} {[%emt 00:01:44]} 25. Bxa8 {[%clk 00:24:01]} {[%emt 00:02:06]} Qxf2+
{[%clk 01:21:46]} {[%emt 00:00:09]} 26. Rxf2 {[%clk 00:24:06]} {[%emt
00:00:25]} Rfd8 {[%clk 01:22:02]} {[%emt 00:00:14]} 27. Nf6+ {[%clk 00:20:33]}
{[%emt 00:04:03]} Kg7 {[%clk 01:22:12]} {[%emt 00:00:19]} 28. Be4 {[%clk
00:19:35]} {[%emt 00:01:26]} dxc3 {[%clk 01:22:14]} {[%emt 00:00:32]} 29. Rxc3
{[%clk 00:19:56]} {[%emt 00:00:09]} Nxh4 {[%clk 01:22:34]} {[%emt 00:00:09]}
30. Rfc2 {[%clk 00:19:54]} {[%emt 00:00:32]} Rxc3 {[%clk 01:21:40]} {[%emt
00:01:25]} 31. Rxc3 {[%clk 00:19:56]} {[%emt 00:00:27]} Rb8 {[%clk 01:22:00]}
{[%emt 00:00:09]} 32. Rc7 {[%clk 00:18:06]} {[%emt 00:02:21]} Nef5 {[%clk
01:22:17]} {[%emt 00:00:13]} 33. Rb7 {[%clk 00:18:14]} {[%emt 00:00:21]} Rc8
{[%clk 01:22:42]} {[%emt 00:00:06]} 34. a4 {[%clk 00:16:53]} {[%emt 00:01:52]}
Rc1+ {[%clk 01:22:06]} {[%emt 00:01:06]} 35. Kh2 {[%clk 00:17:02]} {[%emt
00:00:19]} Rc2 {[%clk 01:21:40]} {[%emt 00:00:57]} 36. a5 {[%clk 00:14:54]}
{[%emt 00:02:38]} Nxg2 {[%clk 01:21:52]} {[%emt 00:00:18]} 37. Bxg2 {[%clk
00:14:31]} {[%emt 00:00:53]} Ne3 {[%clk 01:22:18]} {[%emt 00:00:05]} 38. Kg3
{[%clk 00:13:34]} {[%emt 00:01:26]} Rxg2+ {[%clk 01:22:01]} {[%emt 00:00:48]}
39. Kf3 {[%clk 00:12:57]} {[%emt 00:01:06]} Rxg5 {[%clk 01:22:13]} {[%emt
00:00:18]} 40. Ne4 {[%clk 00:12:40]} {[%emt 00:00:47]} Rxa5 {[%clk 01:22:26]}
{[%emt 00:00:17]} 41. Kxe3 {[%clk 00:13:01]} {[%emt 00:00:08]} g5 {[%clk
01:22:38]} {[%emt 00:00:19]} 42. b4 {[%clk 00:12:32]} {[%emt 00:00:59]} Rd5
{[%clk 01:22:58]} {[%emt 00:00:10]} 43. b5 {[%clk 00:12:44]} {[%emt 00:00:17]}
h4 {[%clk 01:23:02]} {[%emt 00:00:27]} 44. Nf2 {[%clk 00:12:19]} {[%emt
00:00:55]} Kf8 {[%clk 01:22:55]} {[%emt 00:00:37]} 45. Ne4 {[%clk 00:06:40]}
{[%emt 00:06:07]} h3 {[%clk 01:22:41]} {[%emt 00:00:46]} 46. b6 {[%clk
00:05:51]} {[%emt 00:01:19]} h2 {[%clk 01:22:16]} {[%emt 00:00:54]} 47. Ng3
{[%clk 00:05:36]} {[%emt 00:00:45]} f5 {[%clk 01:22:25]} {[%emt 00:00:21]} 48.
Nh1 {[%clk 00:05:22]} {[%emt 00:00:43]} g4 {[%clk 01:21:43]} {[%emt 00:01:13]}
49. Rh7 {[%clk 00:03:47]} {[%emt 00:02:05]} e5 {[%clk 01:21:20]} {[%emt
00:00:54]} 50. b7 {[%clk 00:03:30]} {[%emt 00:00:47]} f4+ {[%clk 01:21:45]}
{[%emt 00:00:04]} 51. Kf2 {[%clk 00:03:44]} {[%emt 00:00:16]} Rb5 {[%clk
01:21:06]} {[%emt 00:01:10]} 52. Rh8+ {[%clk 00:03:47]} {[%emt 00:00:26]} Kg7
{[%clk 01:21:30]} {[%emt 00:00:07]} 53. b8=Q {[%clk 00:04:09]} {[%emt
00:00:08]} g3+ {[%clk 01:21:54]} {[%emt 00:00:05]} 54. Kg2 {[%clk 00:03:46]}
{[%emt 00:00:50]} Rxb8 {[%clk 01:22:11]} {[%emt 00:00:15]} 55. Rxb8 {[%clk
00:04:10]} {[%emt 00:00:07]} Kf6 {[%clk 01:22:39]} {[%emt 00:00:03]} 56. Rg8
{[%clk 00:03:53]} {[%emt 00:00:46]} Kf5 {[%clk 01:22:53]} {[%emt 00:00:17]} 57.
Nxg3+ {[%clk 00:04:04]} {[%emt 00:00:19]} fxg3 {[%clk 01:23:16]} {[%emt
00:00:07]} 58. Rxg3 {[%clk 00:04:30]} {[%emt 00:00:03]} h1=Q+ {[%clk 01:23:29]}
{[%emt 00:00:18]} 59. Kxh1 {[%clk 00:04:55]} {[%emt 00:00:05]} Kf4 {[%clk
01:23:54]} {[%emt 00:00:04]} 60. Kg2 {[%clk 00:05:17]} {[%emt 00:00:09]} 1-0